| 000 | 00657nam a22002177a 4500 | ||
|---|---|---|---|
| 001 | 00028764 | ||
| 005 | 20260414141015.0 | ||
| 008 | 260414b ag ||||| |||| 00| 0 spa d | ||
| 020 | _a9789870709374 | ||
| 040 |
_aAR-CcCEOS _bspa _cAR-CcCEOS |
||
| 041 | _aspa | ||
| 080 | _a950 | ||
| 090 | _bCOL t.9 | ||
| 100 |
_aPABLO COLAZO _91038 |
||
| 245 | 1 | 6 |
_aHistoria Ilustrada para los chicos de hoy : _bTomo 9 : El renacimiento / _cPablo Colazo |
| 300 |
_av. 9, 48 p. ; _c27x23 cm. |
||
| 490 | _vHistoria Ilustrada para los chicos de hoy - Genios ; tomo 9 | ||
| 650 | 0 |
_ahistoria _990 |
|
| 655 | 0 |
_aliteratura infantil y juvenil _978 |
|
| 942 |
_2udc _cBK _n0 |
||
| 999 |
_c28799 _d28799 |
||